000 00974nam a2200265 i 4500
003 DO-SdBNP
005 20250221073756.0
007 ta
008 240410s2015 dr d 000 0 spa d
040 _aDO-SdBNP
_bspa
_cBNPHU
_erda
082 _222
110 1 _aRepública Dominicana.
_bOficina Nacional de Estadística
_95775
245 1 0 _a¿Qué es la metodología de marco lógico y para qué sirve? :
_bguía para su aplicación /
_cpresentación Juan Temístocles Montás.
264 _aSanto Domingo :
_bMinisterio de Economía, Planificación y Desarrollo,
_c2015.
300 _a30 p. :
_bgráficos
_c22 cm.
336 _2rdacontent
_atexto
_btxt
337 _2rdamedia
_asin mediación
_bn
338 _2rdacarrier
_avolumen
_bnc
490 1 _aPlanificación
_v6
500 _aIncluye notas al pie de las páginas
590 _aInventariado, 2024/ YL
700 1 _aMontás, Juan Temístocles
_d1950-
_979676
_epresentación
910 _aYLockward
942 _2ddc
_cLF2
999 _c56320
_d56320